000 00907cab a2200253 4500
001 ABS59685
008 090401t1998 xxu||||| |||| 00| 0 eng d
035 _a(Sirsi) u90066
041 _aeng
100 _aGaunt, J
245 _aExperts: a little too independent
260 _c1998
350 _a0
490 _aEstates Gazette
_v9848 28 November 1998, 178-179(2)
520 _aDiscussion on the recent High Court case, "National Grid Co plc v M25 Group Ltd" on the status of decisions made by independent experts, including practical implications.
650 _aMANAGEMENT-DISPUTE AVOIDANCE, MANAGEMENT AND RESOLUTION-DISPUTE MANAGEMENT AND RESOLUTION-ARBITRATION
650 _aINDEPENDENT EXPERT
650 _aJURISDICTION
650 _aNATIONAL GRID CO PLC V M25 GROUP LTD
690 _aLANDLORD AND TENANT-RENT REVIEWS
700 _aCheffings, N.
942 _n0
948 _c01/12/1998
999 _c57043
_d57043